[Event "AUTO-ELITE-1548"]
[Site "http://www.queenalice.com/game.php?id=1382552"]
[Date "2015.9.11"]
[Round "1"]
[White "AntonioMelo"]
[Black "tucot"]
[Result "0-1"]
[WhiteElo "2213"]
[BlackElo "2437"]

1. f4 c5 2. Nf3 Nc6 3. e3 g6 4. Be2 Bg7 5. O-O Nf6 6. c3 O-O 7. d4 d6 8. Qe1 e5
9. fxe5 dxe5 10. b3 exd4 11. exd4 cxd4 12. cxd4 Nxd4 13. Qd1 Nxf3+ 14. Bxf3 Ng4
15. Qxd8 Rxd8 16. Bg5 Bxa1 17. Bxd8 Ne3 18. Rc1 Bb2 19. Re1 Bd4 20. Kh1 Bf5 21.
Bg5 Re8 22. Nd2 Re6 23. Bxe3 Rxe3 24. Rxe3 Bxe3 25. Nc4 Bc5 26. Bxb7 Bb1 27. Ne5
Bd6 28. Nc4 Bc7 29. Nd2 Bxa2 30. Bd5 a5 31. g3 a4 32. Ne4 Bxb3 33. Bxb3 axb3 34.
Nd2 b2 35. Kg2 f5 36. Kf3 g5 37. h3 h5 38. g4 fxg4+ 39. hxg4 h4 0-1

[Event "AUTO-ELITE-1548"]
[Site "http://www.queenalice.com/game.php?id=1382553"]
[Date "2015.9.11"]
[Round "1"]
[White "tucot"]
[Black "mathematician1961"]
[Result "0-1"]
[WhiteElo "2461"]
[BlackElo "2739"]

1. d4 Nf6 2. c4 e6 3. Nf3 b6 4. g3 Ba6 5. b3 Bb4+ 6. Bd2 Be7 7. Bg2 d5 8. Nc3 c6
9. Ne5 Nfd7 10. Nxd7 Nxd7 11. O-O Rc8 12. cxd5 cxd5 13. a3 O-O 14. Qb1 Bf6 15.
e3 Bxf1 16. Bxf1 Be7 17. Ba6 Rc6 18. Bb5 Rc7 19. Bd3 Nf6 20. Nb5 Rd7 21. f3 Qa8
22. g4 g6 23. h4 Ne8 24. h5 gxh5 25. e4 dxe4 26. Bxe4 Qb8 27. Kg2 a6 28. Nc3
Rxd4 29. Bh6 Nf6 30. g5 Rd2+ 0-1

[Event "AUTO-ELITE-1548"]
[Site "http://www.queenalice.com/game.php?id=1382554"]
[Date "2015.9.11"]
[Round "1"]
[White "mathematician1961"]
[Black "tucot"]
[Result "1-0"]
[WhiteElo "2741"]
[BlackElo "2459"]

1. e4 e5 2. Nf3 Nc6 3. Bb5 a6 4. Bxc6 dxc6 5. O-O Qf6 6. d4 exd4 7. Bg5 Qd6 8.
Nxd4 Be7 9. Bxe7 Nxe7 10. Nc3 Bd7 11. Nde2 O-O-O 12. Qc1 Qc5 13. a3 Ng6 14. b4
Qc4 15. Qe3 Kb8 16. Rad1 Bc8 17. f4 f5 18. e5 Ne7 19. Rfe1 Nd5 20. Nxd5 Rxd5 21.
Qc3 Qb5 22. Nd4 Qb6 23. Qe3 Rhd8 24. c4 Rxd4 25. c5 Rxd1 26. cxb6 Be6 27. bxc7+
Kxc7 28. Rxd1 Rxd1+ 29. Kf2 Ra1 30. Qc5 Bd5 31. Qd6+ Kb6 32. e6 Ra2+ 33. Ke3 1-0

[Event "Challenge"]
[Site "http://www.queenalice.com/game.php?id=1386942"]
[Date "2015.10.3"]
[Round "-"]
[White "tucot"]
[Black "danielglowinski"]
[Result "0-1"]
[WhiteElo "2463"]
[BlackElo "2379"]

1. e4 e5 2. Nf3 Nf6 3. Nxe5 d6 4. Nf3 Nxe4 5. Nc3 Nxc3 6. dxc3 Be7 7. Be3 O-O 8.
Qd2 Re8 9. O-O-O Nc6 10. h3 Be6 11. g4 a5 12. Bg2 Bxa2 13. b3 a4 14. Kb2 axb3
15. cxb3 Na5 0-1

[Event "Challenge"]
[Site "http://www.queenalice.com/game.php?id=1386943"]
[Date "2015.10.3"]
[Round "-"]
[White "danielglowinski"]
[Black "tucot"]
[Result "1-0"]
[WhiteElo "2380"]
[BlackElo "2457"]

1. e4 c5 2. Nf3 d6 3. Bb5+ Bd7 4. Bxd7+ Qxd7 5. O-O Nf6 6. d3 g6 7. e5 Nd5 8. c4
Nc7 9. Nc3 Bg7 10. exd6 Qxd6 11. Ne4 Qb6 12. Be3 Ne6 13. Rb1 Qc7 14. Qa4+ Nd7
15. b4 b6 16. bxc5 bxc5 17. Qa6 Rb8 18. Rxb8+ Nxb8 19. Qa4+ Nd7 20. Rb1 O-O 21.
h3 Rd8 22. Rb5 Ne5 23. Nxe5 Qxe5 24. Nxc5 Nxc5 25. Rxc5 Qa1+ 26. Kh2 Be5+ 27. g3
Bd4 28. Qa5 1-0

[Event "AUTO-ELITE-1562"]
[Site "http://www.queenalice.com/game.php?id=1387086"]
[Date "2015.10.3"]
[Round "1"]
[White "elcurazul"]
[Black "tucot"]
[Result "1-0"]
[WhiteElo "2416"]
[BlackElo "2408"]

1. e4 e5 2. Nf3 Nc6 3. Bb5 a6 4. Bxc6 dxc6 5. O-O Qf6 6. d4 exd4 7. Bg5 Qd6 8.
Nxd4 Be7 9. Bxe7 Nxe7 10. Re1 c5 11. Nb3 Be6 12. Nc3 O-O 13. Qxd6 cxd6 14. e5 b6
15. exd6 Nf5 16. Rad1 1-0

[Event "AUTO-ELITE-1562"]
[Site "http://www.queenalice.com/game.php?id=1387087"]
[Date "2015.10.3"]
[Round "1"]
[White "tucot"]
[Black "elcurazul"]
[Result "0-1"]
[WhiteElo "2416"]
[BlackElo "2408"]

1. e4 e5 2. Nf3 Nc6 3. Bb5 a6 4. Ba4 b5 5. Bb3 Nf6 6. d3 Bd6 7. a3 O-O 8. Bg5 h6
9. Bh4 Bc5 10. Nc3 g5 11. Bg3 d6 12. Nd2 Bg4 13. f3 Be6 14. Bf2 Bxf2+ 15. Kxf2
Qb8 0-1

[Event "AUTO-ELITE-1566"]
[Site "http://www.queenalice.com/game.php?id=1388738"]
[Date "2015.10.11"]
[Round "1"]
[White "tucot"]
[Black "jacconsultoria"]
[Result "1/2-1/2"]
[WhiteElo "2453"]
[BlackElo "2513"]

1. e4 c5 2. Nf3 g6 3. c3 d5 4. exd5 Qxd5 5. d4 Bg7 6. Bb5+ Bd7 7. Bxd7+ Qxd7 8.
Be3 cxd4 9. Bxd4 Nf6 10. Ne5 Qc7 11. Qa4+ Nbd7 12. Nxd7 Qxd7 13. Qxd7+ Kxd7 14.
Nd2 Rhd8 15. O-O-O Ke8 16. Rhe1 Kf8 17. Nf3 Ng8 18. Kc2 Bxd4 19. Nxd4 Rac8 20.
a4 Nf6 21. f3 e6 22. Nb5 a6 23. Nd4 1/2-1/2

[Event "AUTO-ELITE-1566"]
[Site "http://www.queenalice.com/game.php?id=1388739"]
[Date "2015.10.11"]
[Round "1"]
[White "jacconsultoria"]
[Black "tucot"]
[Result "0-1"]
[WhiteElo "2508"]
[BlackElo "2454"]

1. c4 Nf6 2. Nc3 g6 3. e4 d6 4. d4 Bg7 5. f3 a6 6. Be3 c6 7. Qd2 b5 8. Bd3 Nbd7
9. Nge2 Bb7 10. Bh6 O-O 11. h4 Bxh6 12. Qxh6 e5 13. g4 d5 14. cxd5 cxd5 15. h5
Qe7 16. hxg6 fxg6 17. Kf2 Nxg4+ 0-1